Petit Bac: Les Pokémon de type Normal - Statistiques

Statistiques générales
  • Ce quiz a été pris 417 fois
  • Le résultat moyen est 16 sur 23
Statistiques - réponses
Lettre Pokémon % Correct
R Ramboum / Rapasdepic / Ratentif / Rattata / Regigigas /Rondoudou / Ronflex / Rongourmand / Rongrigou / Rattatac / Roucarnage / Roucool / Roucoups
95%
E Ecremeuh / Etouraptor / Etourmi / Etourvol / Evoli / Excavarenne / Excelangue
91%
P Parecool / Passerouge / Pashmilla / Persian / Piafabec / Picassaut / Piclairon /Pijako / Poichigeon / Ponchien / Ponchiot / Porygon / Porygon-2 / Porygon-Z / Ptiravi
91%
C Canarticho / Capidextre / Capumain / Castorno / Cerbyllin / Cerfrousse / Chaffreux / Chaglam / Chelours / Chinchidou / Chuchmur / Colombeau / Compagnon / Couafarel / Coudlangue
90%
M Manglouton / Mangriff / Mastouffe / Meloetta / Métamorph / Miaouss / Miradar / Monaflémit / Morphéo / Motorizard / Moumouflon / Moumouton
89%
G Galvaran / Girafarig / Goinfrex / Gourmelet / Gouroutan / Gribougraine / Grodoudou / Guériaigle
82%
L Laporeille / Leuphorie / Leveinard / Linéon / Lockpin
79%
D Déflaisan / Delcatty / Deusolourdo / Draïeul / Dodrio / Dodoala / Doduo
77%
H Haydaim / Hélédelle / Hélionceau / Hoothoot
77%
N Nanméouïe / Némélios / Nirondelle / Noarfang / Nounourson
77%
Z Zoroark / Zorua / Zigzaton
76%
U Ursaking / Ursaring
75%
A Arboliva / Arceus / Argouste / Azurill
71%
T Tag-Tag / Tapatoès / Teddiursa / Terapagos / Toudoudou / Tylton / Type:0
71%
K Kecleon / Keunotor
69%
I Iguolta / Insolourdo / Ixon
68%
F Famignol / Farigiraf / Fouinar / Fouinette / Fragroin / Frison / Furaiglon
66%
S Sapereau / Skitty / Silvallié / Spinda
66%
V Vigoroth / Vivaldaim
60%
Q Queulorior
57%
B Bazoucan / Brouhabam
51%
W Wimessir
30%
O Olivado / Olivini
24%
Aucun quiz correspondant
Distribution des résultats
% des personnes avec chaque résultat
Percentile par nombre de réponses
Votre historique - résultats
Vous n’avez pas pris ce quiz